INFOS '84 zborník zo 14. informatického seminára s medzinárodnou účasťou konaného v dňoch 9.-12. apríla 1984 na Štrbskom Plese
Salvato in:
| Ente Autore: | |
|---|---|
| Natura: | Libro |
| Lingua: | slovacco |
| Pubblicazione: |
Bratislava
Alfa
1984
|
| Tags: |
Nessun Tag, puoi essere il primo ad aggiungerne!!
|
MARC
| LEADER | 00000nam a2200000 4500 | ||
|---|---|---|---|
| 001 | c104717 | ||
| 005 | 20230220130359.4 | ||
| 041 | 0 | |a slo | |
| 044 | |a SK | ||
| 245 | 1 | 0 | |a INFOS '84 |b zborník zo 14. informatického seminára s medzinárodnou účasťou konaného v dňoch 9.-12. apríla 1984 na Štrbskom Plese |
| 264 | 1 | |a Bratislava |b Alfa |c 1984 | |
| 300 | |a 276 s. | ||
| 110 | 2 | |a INFOS | |